|
|
|
|
| LEADER |
00000cam a22000004a 4500 |
| 001 |
musev2_15261 |
| 003 |
MdBmJHUP |
| 005 |
20230905041650.0 |
| 006 |
m o d |
| 007 |
cr||||||||nn|n |
| 008 |
131216s2011 quc o 00 0 fre d |
| 020 |
|
|
|a 9782760529496
|
| 020 |
|
|
|z 9782760529489
|
| 035 |
|
|
|a (OCoLC)835771980
|
| 040 |
|
|
|a MdBmJHUP
|c MdBmJHUP
|
| 100 |
1 |
|
|a Mesly, Olivier,
|e author.
|
| 245 |
1 |
4 |
|a Une façon différente de faire de la recherche en vente et marketing :
|b Petit guide pour les chercheurs humbles /
|c Olivier Mesly.
|
| 264 |
|
1 |
|a Quebec
|b Presses de l'Universite du Quebec,
|c 2011.
|
| 264 |
|
3 |
|a Baltimore, Md. :
|b Project MUSE,
|c 2013
|
| 264 |
|
4 |
|c ©2011.
|
| 300 |
|
|
|a 1 online resource (230 pages):
|b illustrations.
|
| 336 |
|
|
|a text
|b txt
|2 rdacontent
|
| 337 |
|
|
|a computer
|b c
|2 rdamedia
|
| 338 |
|
|
|a online resource
|b cr
|2 rdacarrier
|
| 490 |
0 |
|
|a Les aventures de Pasimolo
|
| 546 |
|
|
|a French.
|
| 588 |
|
|
|a Description based on print version record.
|
| 650 |
|
7 |
|a Marketing & Sales.
|2 hilcc
|
| 650 |
|
7 |
|a Business & Economics.
|2 hilcc
|
| 650 |
|
7 |
|a Commerce.
|2 hilcc
|
| 650 |
|
7 |
|a Marketing research
|x Methodology.
|2 fast
|0 (OCoLC)fst01010296
|
| 650 |
|
6 |
|a Vente
|x Methodologie
|x Recherche.
|
| 650 |
|
6 |
|a Marketing
|x Recherche
|x Methodologie.
|
| 650 |
|
6 |
|a Vente
|x Recherche
|x Methodologie.
|
| 650 |
|
0 |
|a Selling
|x Methodology
|x Research.
|
| 650 |
|
0 |
|a Marketing research
|x Methodology.
|
| 650 |
|
0 |
|a Selling
|x Research
|x Methodology.
|
| 655 |
|
7 |
|a Electronic books.
|2 local
|
| 710 |
2 |
|
|a Project Muse.
|e distributor
|
| 830 |
|
0 |
|a Book collections on Project MUSE.
|
| 856 |
4 |
0 |
|z Texto completo
|u https://projectmuse.uam.elogim.com/book/15261/
|
| 945 |
|
|
|a Project MUSE - Custom Collection
|
| 945 |
|
|
|a Project MUSE - 2011 Complete Supplement
|